000 00618nam a2200229Ia 4500
005 20260115173949.0
008 008 260114s9999 xx 000 0 eng d
020 _a9781843317760
037 _aEBOOK
040 _aCRL
_beng
_cCRL
041 _aeng
_2eng
084 _qCRL
100 _aParanjape/Lama
_9894248
245 0 _aScience, Spirituality and the Modernisation of India
260 _bAnthem Press
260 _bCambridge University Press
260 _c2009
650 _aHistory
_9894249
856 _uhttps://doi.org/10.7135/UPO9781843317760
942 _cEBOOK
999 _c1488827
_d1488827